000 00492nam a2200145 i 4500
001 bg
245 0 _aKatalog Nakładów Rzeczowych nr 7-02 /
_cMinisterstwo Budownictwa i Przemysłu Materiałów Budowlanych ; Centralny Ośrodek Badawczo-Projektowy Konstrukcji Metalowych MOSTOSTAL.
254 _aKNR7-02
260 _aWarszawa :
_bWydawnictwa Akcydensowe,
_c1984.
650 9 _aobróbka drewna
040 _cBPK
041 _apl
942 _cKA
008 s pl f |000 0 pol
999 _c24124
_d24124
856 _uhttp://koha.tu.koszalin.pl/cgi-bin/koha/opac-detail.pl?biblionumber=24124
_yKatalog online BPK